Structural dynamics of turbo-machines / (Record no. 355753)
[ view plain ]
| 000 -LEADER | |
|---|---|
| fixed length control field | 01404cam a2200361 i 4500 |
| 001 - CONTROL NUMBER | |
| control field | 11594380 |
| 003 - CONTROL NUMBER IDENTIFIER | |
| control field | USPCAS-E |
| 005 - DATE AND TIME OF LATEST TRANSACTION | |
| control field | 20180118181412.0 |
| 006 - FIXED-LENGTH DATA ELEMENTS--ADDITIONAL MATERIAL CHARACTERISTICS | |
| fixed length control field | m o d | |
| 007 - PHYSICAL DESCRIPTION FIXED FIELD--GENERAL INFORMATION | |
| fixed length control field | cr cn||||||||| |
| 008 - FIXED-LENGTH DATA ELEMENTS--GENERAL INFORMATION | |
| fixed length control field | 150908t20132013enka ob 001 0 eng d |
| 020 ## - INTERNATIONAL STANDARD BOOK NUMBER | |
| Canceled/invalid ISBN | 9781906574864 |
| 020 ## - INTERNATIONAL STANDARD BOOK NUMBER | |
| International Standard Book Number | 9781781830581 (ebook) |
| 035 ## - SYSTEM CONTROL NUMBER | |
| System control number | (MiAaPQ)ebr11094594 |
| 035 ## - SYSTEM CONTROL NUMBER | |
| System control number | (NNC)11594380 |
| 040 ## - CATALOGING SOURCE | |
| Original cataloging agency | MiAaPQ |
| Language of cataloging | eng |
| Description conventions | rda |
| -- | pn |
| Transcribing agency | MiAaPQ |
| Modifying agency | MiAaPQ |
| 050 #4 - LIBRARY OF CONGRESS CALL NUMBER | |
| Classification number | TJ267 |
| Item number | .R364 2013eb |
| 082 04 - DEWEY DECIMAL CLASSIFICATION NUMBER | |
| Classification number | 621.406 |
| Edition number | 23 |
| Author Mark | RAN-S 2012 |
| 100 1# - MAIN ENTRY--PERSONAL NAME | |
| Personal name | Rangwala, A. S., |
| Relator term | author. |
| 245 10 - TITLE STATEMENT | |
| Title | Structural dynamics of turbo-machines / |
| Statement of responsibility, etc. | A. S. Rangwala. |
| 300 ## - PHYSICAL DESCRIPTION | |
| Extent | 1 online resource (452 pages) : |
| Other physical details | illustrations |
| 502 ## - DISSERTATION NOTE | |
| Dissertation note | 0 |
| 504 ## - BIBLIOGRAPHY, ETC. NOTE | |
| Bibliography, etc. note | Includes bibliographical references at the end of each chapters and index. |
| 590 ## - LOCAL NOTE (RLIN) | |
| Local note | Electronic reproduction. Ann Arbor, MI : ProQuest, 2015. Available via World Wide Web. Access may be limited to ProQuest affiliated libraries. |
| 650 #0 - SUBJECT ADDED ENTRY--TOPICAL TERM | |
| Topical term or geographic name entry element | Turbomachines. |
| 650 #0 - SUBJECT ADDED ENTRY--TOPICAL TERM | |
| Topical term or geographic name entry element | Structural dynamics. |
| 655 #4 - INDEX TERM--GENRE/FORM | |
| Genre/form data or focus term | Electronic books. |
| 776 08 - ADDITIONAL PHYSICAL FORM ENTRY | |
| Relationship information | Print version: |
| Main entry heading | Rangwala, A. S. |
| Title | Structural dynamics of turbo-machines. |
| Place, publisher, and date of publication | Kent, [England] : New Academic Science Limited, c2013 |
| Physical description | xiii, 435 pages |
| International Standard Book Number | 9781906574864 |
| 797 2# - LOCAL ADDED ENTRY--CORPORATE NAME (RLIN) | |
| Corporate name or jurisdiction name as entry element | ProQuest (Firm) |
| 856 40 - ELECTRONIC LOCATION AND ACCESS | |
| Uniform Resource Identifier | <a href="http://www.columbia.edu/cgi-bin/cul/resolve?clio11594380">http://www.columbia.edu/cgi-bin/cul/resolve?clio11594380</a> |
| Public note | Click here for full text. |
| 942 ## - ADDED ENTRY ELEMENTS (KOHA) | |
| Source of classification or shelving scheme | |
| Koha item type | Book |
| Withdrawn status | Lost status | Source of classification or shelving scheme | Damaged status | Not for loan | Collection code | Permanent Location | Current Location | Shelving location | Date acquired | Source of acquisition | Total Checkouts | Full call number | Barcode | Date last seen | Price effective from | Koha item type |
|---|---|---|---|---|---|---|---|---|---|---|---|---|---|---|---|---|
| US-Pakistan Center for Advanced Studies in Energy (USPCAS-E) | US-Pakistan Center for Advanced Studies in Energy (USPCAS-E) | 12/14/2015 | Progressive | 621.406 RAN-S 2012 | CAS-E0000880 | 12/14/2015 | 12/14/2015 | Book | ||||||||
| US-Pakistan Center for Advanced Studies in Energy (USPCAS-E) | US-Pakistan Center for Advanced Studies in Energy (USPCAS-E) | 12/14/2015 | Progressive | 621.406 RAN-S 2012 | CAS-E0000881 | 12/14/2015 | 12/14/2015 | Book |
